000 00427nam a2200157Ia 4500
008 160316s1997 xxu||||| |||| 00| 0 eng d
082 _a372.000000
_bNAT
100 _a
245 _aSixth all india educatinal survey
250 _a
260 _aNew Delhi
_bNational council of education research and trainni
_c1997
300 _a163p
_b
_c
365 _bRs161
650 _a1. Education 2.Education surveys
700 _a
_a
999 _c34470
_d34470